Statistics for Undertale OST Songs In Order

Click here to take the quiz!

General Stats

  • This quiz has been taken 11 times
  • The average score is 48 of 101

Answer Stats

OSTAnswer% Correct
68Death By Glamour
71%
4Fallen down
71%
85Fallen Down (Reprise)
71%
100MEGALOVANIA
71%
1Once Upon A Time
71%
22Snowdin Town
71%
48Alphys
57%
81An Ending
57%
77ASGORE
57%
98Battle Against A True Hero
57%
24Bonetrousle
57%
56Confession
57%
27Dating Fight!
57%
25Dating Start!
57%
11Determination
57%
36Dummy!
57%
12Home
57%
13Home (Music Box)
57%
87Hopes And Dreams
57%
45NGAHHH!!
57%
32Run!
57%
15sans.
57%
46Spear Of Justice
57%
59Spider Dance
57%
2Start Menu
57%
43Temmie Village
57%
30Undyne
57%
31Waterfall
57%
78You Idiot
57%
79Your Best Nightmare
57%
84Amalgam
43%
51Another Medium
43%
7Anticipation
43%
75Barrier
43%
76Bergentrückung
43%
35Bird That Carries You Over A Disproportionately Small Gap
43%
88Burn In Despair
43%
97But The Earth Refused To Die
43%
55Can You Really Call This A Hotel, I Didn't Receive A Mint On My Pillow Or Anything
43%
41Chill
43%
65CORE
43%
64CORE Approach
43%
29Danger Mystery
43%
26Dating Tense!
43%
58Death Report
43%
19Dogbass
43%
21Dogsong
43%
86Don't Give Up
43%
9Enemy Approaching
43%
80Finale
43%
91Final Power
43%
69For The Fans
43%
10Ghost FIght
43%
40Ghouliday
43%
101Good Night
43%
14Heartache
43%
90His Theme
43%
54Hotel
43%
63It's Raining Somewhere Else
43%
49It's Showtime!
43%
66Last Episode!
43%
96Last Goodbye
43%
57Live Report
43%
70Long Elevator
43%
34Memory
43%
93Menu (Full)
43%
50Metal Crusher
43%
20Mysterious Place
43%
16Nyeh Heh Heh!
43%
62Oh! Dungeon
43%
67Oh my...
43%
61Oh! One True Love
43%
47Ooo
43%
37Pathetic House
43%
99Power Of "NEO"
43%
28Premonition
43%
33Quiet Water
43%
5Ruins
43%
89SAVE The World
43%
82She's Playing Piano
43%
23Shop
43%
74Small Shock
43%
17Snowy
43%
72Song That Might Play When You Fight Sans
43%
38Spooktune
43%
39Spookwave
43%
53Stronger Monsters
43%
44Tem Shop
43%
73The Choice
43%
42Thundersnail
43%
71Undertale
43%
8Unecessary Tension
43%
52Uwa!! So Heats!!♫
43%
18Uwa!! So Holiday♫
43%
6Uwa!! So Temperate♫
43%
60Wrong Enemy !?
43%
3Your Best Friend
43%
95Bring It In, Guys!
29%
83Here We Are
29%
94Respite
29%
92Reunited
29%

Score Distribution

Percentile by Number Answered

Percent of People with Each Score

Your Score History

You have not taken this quiz